Loading...
| Current Events | 1 | 10.00 | 100% | 0% | 0% |
| Fine Arts - Classical Music | 5 | 8.00 | 80% | 0% | 0% |
| Fine Arts - Other | 4 | 17.50 | 100% | 75% | 0% |
| Fine Arts - Painting and Sculpture | 7 | 8.57 | 43% | 29% | 14% |
| Geography | 1 | 10.00 | 100% | 0% | 0% |
| History - American | 5 | 16.00 | 100% | 60% | 0% |
| History - European | 7 | 17.14 | 86% | 57% | 29% |
| History - Other | 5 | 18.00 | 100% | 60% | 20% |
| History - World | 5 | 16.00 | 80% | 60% | 20% |
| Literature - American | 4 | 12.50 | 100% | 25% | 0% |
| Literature - British | 6 | 10.00 | 83% | 17% | 0% |
| Literature - European | 1 | 10.00 | 100% | 0% | 0% |
| Literature - World | 5 | 4.00 | 40% | 0% | 0% |
| Mythology | 5 | 12.00 | 80% | 20% | 20% |
| Other Academic | 2 | 20.00 | 50% | 100% | 50% |
| Philosophy | 4 | 15.00 | 100% | 50% | 0% |
| Pop Culture | 2 | 15.00 | 100% | 0% | 50% |
| Religion | 5 | 18.00 | 100% | 60% | 20% |
| Science - Biology | 5 | 12.00 | 100% | 20% | 0% |
| Science - Chemistry | 4 | 15.00 | 100% | 50% | 0% |
| Science - Other | 4 | 10.00 | 100% | 0% | 0% |
| Science - Physics | 5 | 10.00 | 80% | 20% | 0% |
| Social Science | 2 | 10.00 | 100% | 0% | 0% |